| 000 | 01529nam a2200337 i 4500 | ||
|---|---|---|---|
| 001 | 002200001591153 | ||
| 003 | CZ PrSKC | ||
| 005 | 20260505155948.0 | ||
| 008 | 260429s2026 xr ||| | cze | ||
| 020 |
_a9788025640531 _cKč 299,00 |
||
| 040 |
_aTUG001 _bcze _erda |
||
| 041 | 1 |
_acze _heng |
|
| 072 | 7 |
_a821-93-053.4 _xLiteratura pro nejmenší děti _2Konspekt |
|
| 100 | 1 |
_aDaynes, Katie _4aut _94992 |
|
| 240 | 1 | 0 |
_aWhat makes it rain? _lČesky |
| 245 | 1 | 0 |
_aOdkud přichází déšť? : _bprvní otázky a odpovědi / _cnapsala Katie Daynes ; ilustrace Christine Pym |
| 250 | _aPrvní české vydání | ||
| 264 | 1 |
_aPraha : _bSvojtka & Co., _c2026 |
|
| 300 |
_a14 nečíslovaných stran : _bilustrace ; _c23 cm |
||
| 490 | 1 | _aKuk pod okénko | |
| 500 | _aZ angličtiny přeložila Erika Stařecká | ||
| 500 | _aÚdaje o názvu a odpovědnosti z obálky | ||
| 500 | _aKartonové listy s otevíracími okénky | ||
| 520 | 2 | _aProč prší? Odkud se bere vítr? Jak vzniká duha, sníh nebo blesk? Tato bohatě ilustrovaná kniha s odklápěcími okénky odpovídá na nejčastější dětské otázky o počasí srozumitelně a hravou formou. Každá dvoustrana je postavená na jednoduché otázce a pod pevnými okénky skrývá jasné vysvětlení, které děti snadno pochopí. | |
| 655 | 7 |
_aleporela _9906 |
|
| 700 | 1 |
_aPym, Christine, _d1984- _4ill _911623 |
|
| 700 | 1 |
_aStařecká, Erika _4trl _916155 |
|
| 710 | 2 |
_aSvojtka & Co. (nakladatelství) _4pbl _920505 |
|
| 910 | _aABG508 | ||
| 999 |
_c34253 _d34253 |
||